[Event "17th Delhi GM Open 2019"]
[Site "Delhi"]
[Date "2019.01.11"]
[Round "4"]
[White "Gusain, Himal"]
[Black "Karthik Venkataraman"]
[Result "1-0"]
[WhiteElo "2371"]
[BlackElo "2515"]
[Annotator "TA"]
[PlyCount "147"]
[EventDate "2019.01.09"]
[EventType "swiss"]
[EventCountry "IND"]
[SourceTitle "playchess.com"]
[Source "ChessBase"]
[SourceQuality "1"]

{[%evp 14,147,20,-8,0,-8,6,-8,17,16,12,0,10,17,14,30,39,0,0,0,22,18,60,18,23,-39,-17,-450,0,-51,0,-37,-34,-91,-61,-113,-43,-38,-39,-127,-86,-48,-32,-109,-40,-62,-55,-137,-92,-98,-101,-127,-7,-946,0,-104,0,-227,-237,-225,-226,-243,-131,-125,-118,-296,-111,-260,601,-945,-935,-2462,-271,-252,-262,-259,-178,-171,-183,-156,-160,-162,-74,-66,-62,-110,-105,-95,0,-96,-96,-96,-37,-59,0,0,0,0,14,12,9,20,14,11,100,100,100,100,100,100,382,380,268,330,339,363,29953,29954,29952,29955,8024,5716,4149,4149,29961,29961,29964,29960,29970,29972,29969,4137,29986,29987,29988,29989]} 1. e4 c5 2. Nc3 d6 3. Nge2 Nf6 4. g3 Nc6 5. Bg2 e6 6. O-O Be7 7. d3 Rb8 {B23: Closed Sicilian: Lines without g3} (7... O-O 8. h3 Rb8 9. f4 Nd7 10. g4 b5 11. Ng3 Nd4 12. g5 b4 13. Nce2 Nxe2+ 14. Qxe2 e5 15. Nf5 exf4 16. Bxf4 Ne5 {½-½ (62) Yu,Y (2749)-Xu,Y (2536) Beijing 2017}) 8. f4 {LiveBook: 3 Games} Bd7 9. h3 b5 {The position is equal.} 10. Qe1 $146 ({Predecessor:} 10. a3 h5 11. f5 Ne5 12. fxe6 Bxe6 13. Nf4 Bd7 14. Nfd5 h4 15. Nxe7 Qxe7 {1-0 (23) Perogio,L (1857)-Natalizzi,S (1440) Assisi 2008}) 10... Qc7 11. Nd1 d5 12. g4 Nb4 13. Ne3 {Threatening a3.} d4 14. a3 Nc6 15. Nd1 h6 16. c3 dxc3 17. bxc3 b4 18. c4 O-O 19. Ne3 (19. e5 $11) 19... Rfd8 $15 20. Nc3 $2 {[%mdl 8192]} (20. Bb2 $11 {and White stays safe.}) 20... Rf8 $2 (20... bxc3 $19 21. Qxc3 Nd4) 21. Ne2 Rfd8 (21... a5 $15) 22. Bb2 (22. Nc3 $5) 22... Be8 23. Nc1 (23. axb4 $15 Nxb4 24. Be5) 23... Nd4 24. Qf2 ({White should play} 24. e5 $15 bxa3 25. Bxa3) 24... bxa3 (24... b3 $1 $17 25. Ne2 Nd7) 25. Rxa3 a5 {[%cal Ba7a5,Ba5a4][%mdl 32]} 26. h4 (26. e5 $15 Nh7 27. Ra2) 26... a4 27. e5 Nh7 28. g5 (28. Ra2 $15) 28... h5 (28... hxg5 $17 29. hxg5 Nxg5 $1 {[%mdl 512]} 30. fxg5 Qxe5) 29. Nd1 Nf8 30. Nc3 ({White should try} 30. Bf3 $15) 30... Qa5 31. Ba1 Ng6 32. Be4 Qb4 (32... Qa6 $17 33. Ra2 Bc6) 33. Bg2 $2 {[%mdl 8192]} (33. Ra2 $11) 33... Qa5 $2 (33... Qxa3 $19 {is more deadly.} 34. N1a2 Bc6 35. Bxc6 Nxc6) 34. Be4 $1 $17 Qb4 (34... Qa6 $17) 35. Qa2 $2 (35. Bg2 $11 {and White has nothing to worry.}) 35... Nxh4 $19 36. Nb5 Bxb5 (36... Nxb5 37. Rxa4 Nc3 38. Rxb4 $11) 37. cxb5 {[#]} Nhf5 (37... Qxb5 38. Rxa4 Ndf5 39. Ra5) (37... Rxb5 38. Rxa4 Qb1 39. Bxd4 $15) ({Better is} 37... Ra8 $1 $19 {[%mdl 512]} 38. Rc3 (38. Bxa8 Rxa8) 38... Qxb5) 38. Rxa4 $17 Qxb5 {...Ng3 is the strong threat.} 39. Ra7 $2 {[#]} (39. Bxd4 $17 Rxd4 40. Rxd4 Nxd4 41. Ne2) 39... Rd7 $2 (39... c4 $1 $19 {[%mdl 512] has better winning chances.} 40. Bxd4 (40. Qxc4 Qxc4) 40... Rxd4) 40. Rf2 (40. Bxd4 $17 Nxd4 41. Rxd7 Qxd7 42. g6) 40... Rc7 $4 {[%mdl 8192]} (40... Rxa7 $19 41. Qxa7 Qb1 42. Bxd4 cxd4) 41. Rb7 $4 {[%mdl 8192]} (41. Rxc7 $18 Bd8 42. Ra7) 41... Rcxb7 $19 42. Qa6 Ra7 $2 (42... Qxa6 43. Bxd4 Rb1) 43. Qxa7 Qb1 44. Kh2 Bf8 45. Bxd4 Nxd4 46. g6 fxg6 47. Bxg6 Rb7 (47... Qxc1 $19 48. Qxb8 Qe3) 48. Qa3 $17 h4 {Strongly threatening ...Qb4.} 49. Qc3 Qb4 50. Na2 Qb1 51. Nc1 Ra7 {Hoping for ...Ra1.} 52. Qb2 Qxb2 (52... Ra1 $17 53. Qxb1 Rxb1) 53. Rxb2 $15 Ra1 (53... Ra3 $15) 54. Ne2 $1 $11 {[%cal Re2d4]} Nf5 55. Ng1 Ra4 56. Nh3 {Threatens to win with Ng5.} Rb4 57. Ra2 {And now Ng5 would win.} Ne7 58. Be4 {aiming for Ng5.} g6 (58... Nd5 $11) 59. Ng5 $16 c4 {[#]} 60. dxc4 $1 ({Much worse is} 60. Nxe6 $6 Bh6 $11) 60... Rxc4 61. Ra8 Kg7 $2 {[%mdl 8192]} (61... Rc8 $16) 62. Nxe6+ $18 Kf7 63. Ng5+ ({Weaker is} 63. Rxf8+ Kxe6 64. Rf6+ Kd7 $14) 63... Kg7 64. Kh3 Rc8 $2 (64... Kg8 $18 65. Kxh4 Rc8) 65. Rxc8 Nxc8 {[%mdl 4096] Endgame KBN-KBN} 66. Ne6+ Kf7 67. Nxf8 g5 68. Ng6 gxf4 69. Nxf4 Nb6 70. Kxh4 Nd7 71. e6+ {[%mdl 64] Double Attack} Ke7 72. Bf5 (72. exd7 $142 Kxd7 73. Kg5 Kd6 74. Nd3 Ke6 75. Kg6 Kd7 76. Kf6 Kd6 77. Bh1) 72... Ne5 73. Nd5+ Ke8 74. Kg5 {Accuracy: White = 38%, Black = 27%.} 1-0

[Event "17th Delhi GM Open 2019"]
[Site "Delhi"]
[Date "2019.01.11"]
[Round "4"]
[White "Sidhant, Mohapatra"]
[Black "Narayanan.S.L"]
[Result "0-1"]
[WhiteElo "2344"]
[BlackElo "2575"]
[Annotator "TA"]
[PlyCount "92"]
[EventDate "2019.01.09"]
[EventType "swiss"]
[EventCountry "IND"]
[SourceTitle "playchess.com"]
[Source "ChessBase"]
[SourceQuality "1"]

{[%evp 14,92,23,19,22,5,10,27,43,34,47,45,45,0,2,-10,-12,-2,-9,-8,0,-68,-24,-96,-93,-110,-110,-108,-112,-96,-104,-117,-117,-118,-95,-166,-159,-140,-87,-74,-73,-168,-168,-163,-169,-164,-164,-282,-262,-357,-364,-341,-356,-356,-357,-363,-341,-357,-383,-373,-335,-327,-318,-318,-304,-761,-709,-699,-1168,-1193,-1170,-1179,-1178,-1097,-1082,-801,-748,-549,-502,-1747,-1563]} 1. e4 c5 2. Nf3 d6 3. d4 cxd4 4. Nxd4 Nf6 5. Nc3 a6 6. a4 g6 7. g3 Bg7 {B90: Sicilian Najdorf: Unusual White 6th moves, 6 Be3 Ng4 and 6 Be3 e5} 8. Bg2 {LiveBook: 9 Games} Bg4 (8... O-O 9. h3 Qc7 10. O-O Nc6 11. Nb3 Be6 12. Nd5 Bxd5 13. exd5 Na5 14. Nd4 Nd7 15. c3 Bxd4 16. cxd4 Qc4 17. Ra3 b5 18. b3 {1-0 (31) Onischuk,V (2630)-Mihalik,A (2168) Budapest 2018}) 9. Nde2 Nc6 {[%cal Bb8c6,Bc6e5,Be5c4][%mdl 32] The position is equal.} 10. h3 Bd7 11. O-O O-O 12. Be3 $146 ({Predecessor:} 12. Kh2 Rc8 13. f4 Qb6 14. g4 Be6 15. Rb1 Nb4 16. Rf3 Qc7 17. Be3 {1-0 (35) Kaushansky,L (2260)-Flaga,K Illinois 1993}) 12... Rb8 13. Nd4 Ne5 14. Bg5 h6 15. Bc1 b5 16. axb5 axb5 17. f4 (17. Re1 $11) 17... Nc4 $15 18. b3 (18. f5 $11 {remains equal.}) 18... Qb6 $1 $17 19. Kh2 Qxd4 20. Qxd4 Ng4+ $1 {[%mdl 64] Discovered Attack} 21. hxg4 Bxd4 22. bxc4 Bxc3 23. Ra7 Bxg4 24. Bf3 (24. Rxe7 $17 Be2 25. Rh1) 24... Bxf3 $1 $19 25. Rxf3 {[#]} Bd4 (25... b4 $142 $1 {White must now prevent ...Rfc8.} 26. Rxe7 Rfe8 27. Rxe8+ Rxe8) 26. Rxe7 $17 bxc4 {Hoping for ...Rfe8.} 27. Ba3 {[#]} (27. e5 $17) 27... Rfe8 $1 $19 {[%cal Re8e7]} 28. Rxe8+ Rxe8 {[%mdl 4096] Endgame KRB-KRB} 29. c3 Bg7 ({Not} 29... Rxe4 30. cxd4 Rxd4 31. Kg2 $11) 30. f5 (30. Bxd6 $142 Rxe4 31. Kg1) 30... g5 ({But not} 30... Rxe4 31. Bxd6 g5 32. f6 $19) 31. Bxd6 Rxe4 32. f6 Re6 33. Be7 Bf8 34. Bxf8 Kxf8 {KR-KR} 35. Kh3 Re4 {aiming for ...g4+.} 36. Rf5 Kg8 37. Rc5 Kh7 38. Rc7 Kg6 39. Rc6 $2 (39. Re7 Re6 40. Rc7) 39... h5 {Black is clearly winning.} 40. Kg2 h4 41. gxh4 Rxh4 42. Kg3 Rf4 43. Kg2 Kf5 44. Kg3 Re4 45. Kf3 g4+ 46. Kg3 (46. Kg2 $142 Kg5 47. Kf1) 46... Re3+ {[%mdl 64] Double Attack. Accuracy: White = 32%, Black = 92%.} 0-1

[Event "17th Delhi GM Open 2019"]
[Site "Delhi"]
[Date "2019.01.11"]
[Round "4"]
[White "Sidhant, Mohapatra"]
[Black "Narayanan.S.L"]
[Result "*"]
[WhiteElo "2344"]
[BlackElo "2575"]
[Annotator "TA"]
[PlyCount "33"]
[EventDate "2019.01.09"]
[EventType "swiss"]
[EventCountry "IND"]
[SourceTitle "playchess.com"]
[Source "ChessBase"]
[SourceQuality "1"]

{[%evp 14,22,7,10,18,15,21,32,36,27,30]} 1. e4 c5 2. Nf3 d6 3. d4 cxd4 4. Nxd4 Nf6 5. Nc3 a6 6. a4 g6 7. g3 Bg7 {B90: Sicilian Najdorf: Unusual White 6th moves, 6 Be3 Ng4 and 6 Be3 e5} 8. Bg2 {LiveBook: 9 Games} Bg4 (8... O-O 9. h3 Qc7 10. O-O Nc6 11. Nb3 Be6 12. Nd5 Bxd5 13. exd5 Na5 14. Nd4 Nd7 15. c3 Bxd4 16. cxd4 Qc4 17. Ra3 b5 18. b3 {1-0 (31) Onischuk,V (2630)-Mihalik,A (2168) Budapest 2018}) 9. Nde2 Nc6 10. h3 Bd7 11. O-O O-O {Predecessor:} 12. Kh2 $146 Rc8 13. f4 Qb6 14. g4 Be6 15. Rb1 Nb4 16. Rf3 Qc7 17. Be3 {1-0 (35) Kaushansky,L (2260)-Flaga,K Illinois 1993} *

[Event "17th Delhi GM Open 2019"]
[Site "Delhi"]
[Date "2019.01.11"]
[Round "4"]
[White "Ojas Kulkarni"]
[Black "Deviatkin, Andrei"]
[Result "1/2-1/2"]
[WhiteElo "2269"]
[BlackElo "2461"]
[Annotator "TA"]
[PlyCount "139"]
[EventDate "2019.01.09"]
[EventType "swiss"]
[EventCountry "IND"]
[SourceTitle "playchess.com"]
[Source "ChessBase"]
[SourceQuality "1"]

{[%evp 20,139,50,50,60,46,62,58,83,70,75,53,64,0,74,0,53,0,67,0,58,52,58,35,26,23,58,22,23,0,16,16,17,-14,-14,-4,-8,-18,8,16,17,17,17,17,33,17,17,17,17,17,18,18,21,0,17,2,21,0,23,0,11,0,24,14,16,16,14,6,18,0,0,0,0,0,5,0,0,0,0,-11,-11,-11,0,0,0,0,0,0,0,-11,-11,-11,-11,-11,0,0,0,0,0,0,0,0,0,0,0,0,0,0,0,0,0,0,0,0,0,0,0,0,0,0,0,0]} 1. c4 c6 2. d4 d5 3. Nc3 Nf6 4. e3 Qb6 5. Nf3 Bg4 6. h3 Bxf3 {D15: Slav Defence: 4 Nc3 a6 and gambit lines after 4 Nc3 dxc4} 7. Qxf3 e6 8. Bd3 Nbd7 9. O-O Be7 10. b3 O-O 11. Bb2 {LiveBook: 7 Games} Rfe8 12. Qe2 a5 13. Rad1 $146 ({Predecessor:} 13. Rfd1 Bf8 14. Rac1 {0-1 (64) Pavlovic,G (2372)-Sedlak,N (2562) Vrnjacka Banja 2014}) 13... Bf8 14. Qc2 g6 15. Rfe1 Bg7 16. Rf1 Bf8 $1 17. Rfe1 Bg7 $1 18. Rf1 Bf8 $1 19. Rfe1 Bg7 $1 20. a3 Rac8 21. c5 Qc7 22. f4 Nh5 23. Ne2 f5 {[%cal Bf7f5,Bf5e4][%mdl 32]} 24. g4 Nhf6 25. g5 Ne4 26. Bxe4 fxe4 27. Bc3 b6 28. b4 axb4 29. axb4 h6 30. h4 hxg5 31. hxg5 Kf7 32. Kg2 Ra8 33. Ra1 Qb7 34. Reb1 Rxa1 35. Rxa1 Ra8 36. Ra4 Nb8 37. Qa2 Na6 38. Qc2 Nb8 39. Qa2 Na6 40. Bd2 Bf8 41. Ng3 Nc7 {The position is equal.} 42. Rxa8 Qxa8 43. Qxa8 Nxa8 $11 {[%mdl 4096] Endgame KBN-KBN} 44. Nf1 bxc5 45. bxc5 e5 46. fxe5 Nc7 47. Ba5 Ne6 48. Nd2 Be7 49. Nb3 Bxg5 50. Kf2 Ke7 51. Be1 Kd7 52. Ke2 Kc7 53. Bg3 Bh6 54. Kf2 Kd7 55. Na5 Ng7 {[#] Threatens to win with ...Nf5.} 56. Ke2 $1 g5 57. Nb7 g4 {Strongly threatening ...Nf5.} 58. Nd6 Nh5 59. Nf5 Bg5 {[#] White must now prevent ...Ke6.} 60. Bh4 Ke6 61. Ng3 (61. Bxg5 {seems wilder.} Kxf5 62. Be7 Ke6 63. Bd8 Ng7 64. Ke1) 61... Nxg3+ 62. Bxg3 {KB-KB} Bd8 63. Kf2 Ba5 64. Bf4 Bc3 65. Kg3 Kf5 66. Bh6 Be1+ 67. Kg2 Bh4 68. Bf4 Be1 69. Bh6 Bd2 70. Kg3 {Accuracy: White = 40%, Black = 72%.} 1/2-1/2

[Event "17th Delhi GM Open 2019"]
[Site "Delhi"]
[Date "2019.01.11"]
[Round "4"]
[White "Ojas Kulkarni"]
[Black "Deviatkin, Andrei"]
[Result "*"]
[WhiteElo "2269"]
[BlackElo "2461"]
[Annotator "TA"]
[PlyCount "27"]
[EventDate "2019.01.09"]
[EventType "swiss"]
[EventCountry "IND"]
[SourceTitle "playchess.com"]
[Source "ChessBase"]
[SourceQuality "1"]

{[%evp 13,14,51,40]} 1. c4 c6 2. d4 d5 3. Nc3 Nf6 4. e3 Qb6 5. Nf3 Bg4 6. h3 Bxf3 {D15: Slav Defence: 4 Nc3 a6 and gambit lines after 4 Nc3 dxc4} 7. Qxf3 e6 {LiveBook: 35 Games} {Predecessor:} 8. Bd3 $146 Nbd7 9. O-O Be7 10. Rb1 a5 11. b3 O-O 12. Bb2 Rfe8 13. Rfd1 Rad8 14. Qe2 {½-½ (57) Lenic,L (2643)-Skoberne,J (2555) Slovenia 2016} *

[Event "17th Delhi GM Open 2019"]
[Site "Delhi"]
[Date "2019.01.11"]
[Round "4"]
[White "Gajwa Ankit"]
[Black "Karthikeyan, P.."]
[Result "*"]
[WhiteElo "2263"]
[BlackElo "2457"]
[Annotator "TA"]
[PlyCount "46"]
[EventDate "2019.01.09"]
[EventType "swiss"]
[EventCountry "IND"]
[SourceTitle "playchess.com"]
[Source "ChessBase"]
[SourceQuality "1"]

{[%evp 25,26,29,33]} 1. e4 e5 2. Nf3 Nc6 3. Bb5 a6 4. Ba4 Nf6 5. O-O Be7 6. Re1 b5 7. Bb3 d6 8. c3 O-O 9. h3 Na5 10. Bc2 c5 11. d4 Nd7 12. Nbd2 exd4 13. cxd4 Re8 {[#] LiveBook: 58 Games. C96: Closed Ruy Lopez: Chigorin Defence: 11 d4, replies other than 11...Qc7} {Predecessor:} 14. e5 $146 dxe5 15. dxc5 Bxc5 16. Ne4 Be7 17. Nfg5 Nf8 18. Qf3 Be6 19. Be3 Nc4 20. Rad1 Qc7 21. Rc1 Nxe3 22. Nxe6 Qxc2 23. Qxe3 Qxb2 {1-0 (34) Smirin,I (2674)-Tari,A (2572) Novi Sad 2016} *

[Event "17th Delhi GM Open 2019"]
[Site "Delhi"]
[Date "2019.01.11"]
[Round "4"]
[White "Gajwa Ankit"]
[Black "Karthikeyan, P.."]
[Result "1-0"]
[WhiteElo "2263"]
[BlackElo "2457"]
[Annotator "TA"]
[PlyCount "89"]
[EventDate "2019.01.09"]
[EventType "swiss"]
[EventCountry "IND"]
[SourceTitle "playchess.com"]
[Source "ChessBase"]
[SourceQuality "1"]

{[%evp 30,89,12,2,0,-18,-27,-18,-12,-11,-22,-15,-12,-33,61,23,82,56,81,49,44,34,41,44,39,66,36,42,80,70,175,175,251,256,256,213,197,211,197,122,122,113,111,92,149,138,175,157,182,162,174,177,230,181,263,263,257,255,305,296,1352,1368]} 1. e4 e5 2. Nf3 Nc6 3. Bb5 a6 4. Ba4 Nf6 5. O-O Be7 6. Re1 b5 7. Bb3 d6 8. c3 O-O 9. h3 Na5 10. Bc2 c5 11. d4 Nd7 12. Nbd2 exd4 13. cxd4 Re8 {C96: Closed Ruy Lopez: Chigorin Defence: 11 d4, replies other than 11...Qc7} 14. Nf1 Nc6 {[%cal Ba5c6,Bc6e5,Be5c4][%mdl 32]} 15. d5 Nce5 16. N3h2 {LiveBook: 3 Games} Bh4 {[#]} 17. g3 $146 ({Predecessor:} 17. Re2 c4 18. Be3 Qc7 19. f4 Ng6 20. Qd2 Nc5 21. Bd4 {1-0 (38) Paravyan,D (2528)-Romanov,E (2619) Sochi 2016}) 17... Bf6 18. f4 Nc4 19. Rb1 $1 Bd4+ 20. Kg2 {[#]} f5 $1 {[%cal Rf5e4][%mdl 512]} 21. Nf3 (21. exf5 Bb7) 21... Bf6 (21... fxe4 $15 22. Nxd4 cxd4 23. Qxd4 Qf6) 22. exf5 Bb7 (22... Rxe1 $11 {keeps the balance.} 23. Qxe1 Bb7) 23. Re6 $16 Nf8 24. g4 Nxe6 25. fxe6 {[#]} Bd4 $1 {[%mdl 512]} 26. b3 $36 {[%mdl 2048] White fights for an advantage.} (26. Nxd4 cxd4) 26... Nb6 $1 {[%cal Rb6d5]} 27. Qd3 g6 $1 28. Nxd4 {Ne3 is the strong threat.} Nxd5 ({Reject} 28... cxd4 $6 29. Qxd4 Rxe6 30. Bb2 $16) 29. Nf3 Qf6 ({Black should play} 29... Rxe6 $14 30. f5 Nb4) 30. f5 $18 {Threatens to win with Bg5.} gxf5 (30... Nb4 {was worth a try.} 31. Bb2 Nxd3 32. Bxf6 Nb4) 31. Qxf5 Qxf5 32. Bxf5 Nc7 33. Kf2 {And now Ng5 would win.} Nxe6 {intending ...Bxf3.} 34. Ng3 ({Better is} 34. Be3 $18) 34... Bxf3 $16 35. Kxf3 Nd4+ {[#]} 36. Kf2 $1 Nxf5 (36... d5 $142) 37. Nxf5 Re4 38. Be3 ({Resist} 38. Nxd6 $6 Rd4 $14) 38... c4 39. Nxd6 Re6 40. Nf5 cxb3 (40... c3 $142 41. a3 a5) 41. axb3 h5 (41... a5 {keeps fighting.} 42. Bd4 h6) 42. Rd1 $18 ({Worse is} 42. gxh5 Rf6 $15) 42... hxg4 43. hxg4 a5 {[#]} 44. Rd7 $1 Rc8 $2 (44... Raa6 45. Bc5 a4 46. Ne7+ Kh7 47. bxa4 bxa4) 45. Ne7+ {Accuracy: White = 68%, Black = 33%.} 1-0

[Event "17th Delhi GM Open 2019"]
[Site "Delhi"]
[Date "2019.01.11"]
[Round "4"]
[White "Ziatdinov, Raset"]
[Black "Girish, A. Koushik"]
[Result "1/2-1/2"]
[WhiteElo "2248"]
[BlackElo "2411"]
[Annotator "TA"]
[PlyCount "123"]
[EventDate "2019.01.09"]
[EventType "swiss"]
[EventCountry "IND"]
[SourceTitle "playchess.com"]
[Source "ChessBase"]
[SourceQuality "1"]

{[%evp 12,123,38,42,43,39,42,35,50,39,88,37,60,53,62,28,40,52,56,26,29,34,17,0,0,0,0,-25,0,12,0,-14,-26,-66,-69,-61,-62,-60,-19,-22,-11,-21,-20,-19,0,-11,5,-50,34,0,15,0,0,0,89,83,79,0,66,0,29,0,0,0,0,0,7,-36,-33,-90,20,29,26,34,193,188,190,217,406,395,401,407,370,333,452,210,192,208,178,110,126,125,108,117,114,0,0,0,0,0,0,0,0,0,0,0,0,0,0,0,0,0,0,0]} 1. e4 e5 2. Nf3 Nc6 3. Bb5 {[%cal Bf1b5,Bb5a4,Ba4b3][%mdl 32]} a6 4. Ba4 g6 5. d4 exd4 6. Nxd4 Bg7 {C70: Ruy Lopez: 3...a6 4 Ba4, Norwegian and Delayed Schliemann} 7. Nxc6 {LiveBook: 20 Games} dxc6 8. Qxd8+ Kxd8 {White is slightly better.} 9. Bb3 Nf6 10. Nc3 Ke7 $146 ({Predecessor:} 10... Be6 11. Bxe6 fxe6 12. Bf4 Nd7 13. O-O-O Rf8 14. Bg5+ {1-0 (57) Drygalov,A (2477)-Berzinsh,R (2402) Cheliabinsk 2018}) 11. Bg5 (11. Bf4 $16) 11... h6 12. Bh4 {Strongly threatening e5.} Re8 13. Bg3 Kf8 14. f3 Be6 15. Bxc7 Bxb3 $1 16. axb3 Nd5 $1 {[%cal Rd5c7]} 17. Ba5 Ne3 18. Kd2 Nxg2 19. Bc7 Rac8 20. Bd6+ Kg8 21. Bg3 h5 22. Rhg1 Bh6+ 23. Ke2 Ne3 24. Rac1 b5 25. Kf2 Rcd8 26. f4 Ng4+ 27. Kf3 $1 b4 28. Na4 Rd4 $132 {[%mdl 2048] Black has counterplay} 29. e5 (29. Rce1 $11) 29... Bf8 (29... f6 $15 30. h3 h4) 30. h3 Nh6 $1 31. Bf2 Rd2 32. Be3 Rdd8 (32... Rh2 $11 {remains equal.}) 33. Rcd1 $16 Nf5 {[#]} 34. Bb6 ({White should try} 34. Bf2 $1 $16) 34... Rd5 (34... Rxd1 $11 35. Rxd1 Nh4+ 36. Kf2 Nf5) 35. c4 (35. Rxd5 $14 cxd5 36. Bf2) 35... bxc3 {White must now prevent ...c2.} 36. bxc3 Rb5 37. b4 Rb8 38. Ba7 Ra8 39. Rd7 a5 40. e6 (40. Nb6 $15 Re8 41. Rb1) 40... Be7 ({Black should play} 40... axb4 $17 41. cxb4 (41. Rxf7 Bg7 $17) (41. exf7+ Kg7 $17) 41... Be7) 41. Bc5 $11 Re8 42. c4 Rbb8 $2 ({Better is} 42... Rxb4 $14 43. Bxb4 axb4) 43. bxa5 $18 Rb3+ 44. Ke2 Bf6 $2 (44... Rxh3 45. Bxe7 Rh2+ 46. Kf3 Nxe7) 45. a6 Rxe6+ 46. Kd2 Re8 47. a7 Rxh3 48. Rb7 (48. Rb1 $142 Rh2+ 49. Kd3 Rh3+ 50. Kc2 Rh2+ 51. Rd2 Nd4+ 52. Bxd4 Rxd2+ 53. Kxd2 Bxd4 54. Rb8 Bxa7 55. Rxe8+ Kh7 56. c5) 48... Rh2+ 49. Kc1 Kg7 ({Wrong is} 49... Nd4 $2 50. Rb8 $18) 50. Rb8 (50. Kb1 $18 Rd2 51. Rb8) 50... Ree2 $16 {Threatening ...Rc2+.} 51. a8=Q Rc2+ 52. Kb1 Ra2 {[%csl Gf6][%cal Ra2a1] [#]} 53. Rg8+ ({But not} 53. Kc1 $6 Ra1+ 54. Rb1 Bb2+ 55. Nxb2 Rxa8 $11) (53. Bf8+ $1 $16 Kh7 54. Nc5 (54. Kc1 Nd4 $17) 54... Rhb2+ 55. Rxb2 Rxa8 56. Nd7) 53... Kh7 $11 {[%csl Gf6][%cal Ra2a1] The position is equal.} 54. Nb6 Rhb2+ 55. Kc1 Rc2+ 56. Kd1 {Threatens to win with Qxa2.} Rd2+ 57. Kc1 Rac2+ 58. Kb1 {Ba3 is the strong threat.} Rb2+ 59. Kc1 Rdc2+ 60. Kd1 Rd2+ (60... Rh2 $5 61. Kc1 $8 Rhc2+ 62. Kd1 Rd2+ 63. Kc1 Rdc2+ $11) 61. Kc1 Rdc2+ 62. Kd1 {Precision: White = 40%, Black = 49%.} 1/2-1/2

[Event "17th Delhi GM Open 2019"]
[Site "Delhi"]
[Date "2019.01.11"]
[Round "4"]
[White "Praveen Kumar C"]
[Black "Muthaiah AL"]
[Result "0-1"]
[WhiteElo "2233"]
[BlackElo "2406"]
[Annotator "NA"]
[PlyCount "46"]
[EventDate "2019.01.09"]
[EventType "swiss"]
[EventCountry "IND"]
[SourceTitle "playchess.com"]
[Source "ChessBase"]
[SourceQuality "1"]
[TimeControl "5400+30"]

1. d4 {[%emt 0:00:00]} Nf6 {[%emt 0:00:39]} 2. c4 {[%emt 0:00:00]} e6 {[%emt 0:00:20]} 3. Nc3 {[%emt 0:00:00]} Bb4 {[%emt 0:00:12]} 4. Nf3 {[%emt 0:00:00]} O-O {[%emt 0:00:22]} 5. g3 {[%emt 0:00:00]} b6 {[%emt 0:02:27]} 6. Bg2 {[%emt 0:00:48]} Bb7 {[%emt 0:00:21]} 7. O-O {[%emt 0:02:38]} Bxc3 {[%emt 0:02:04]} 8. bxc3 {[%emt 0:00:05]} d6 {[%emt 0:02:06]} 9. a4 {[%emt 0:06:13]} Nc6 {[%emt 0:03:22]} 10. Nd2 {[%emt 0:03:17]} Na5 11. e4 c5 12. f4 cxd4 13. cxd4 Rc8 14. Bb2 Nxc4 15. Nxc4 Rxc4 16. Qb3 Qc7 17. Rfe1 Rc2 18. Ba3 Rxg2+ 19. Kxg2 Nxe4 20. Qe3 Nf6+ 21. Kh3 Qc2 22. Rg1 Ng4 23. Kxg4 Qg6+ 0-1

[Event "17th Delhi GM Open 2019"]
[Site "Delhi"]
[Date "2019.01.11"]
[Round "4"]
[White "Praveen Kumar C"]
[Black "Muthaiah AL"]
[Result "*"]
[WhiteElo "2233"]
[BlackElo "2406"]
[Annotator "TA"]
[PlyCount "33"]
[EventDate "2019.01.09"]
[EventType "swiss"]
[EventCountry "IND"]
[SourceTitle "playchess.com"]
[Source "ChessBase"]
[SourceQuality "1"]

{[%evp 18,19,-17,-13]} 1. d4 Nf6 2. c4 e6 3. Nc3 Bb4 4. Nf3 O-O 5. g3 b6 6. Bg2 Bb7 7. O-O Bxc3 8. bxc3 d6 9. a4 Nc6 {E21: Nimzo-Indian: 4 Nf3} 10. Nd2 {LiveBook: 7 Games} {Predecessor:} Na5 $146 11. e4 e5 12. Re1 Re8 13. Ba3 c5 14. d5 Re7 15. Bf1 Qe8 16. Bd3 Bc8 17. Nf1 {0-1 (34) Beliavsky,A (2624)-Markoja,B (2336) Otocec 2016} *

[Event "17th Delhi GM Open 2019"]
[Site "Delhi"]
[Date "2019.01.11"]
[Round "4"]
[White "Swati Ghate"]
[Black "Sahoo, Utkal Ranjan"]
[Result "*"]
[WhiteElo "2216"]
[BlackElo "2388"]
[Annotator "TA"]
[PlyCount "33"]
[EventDate "2019.01.09"]
[EventType "swiss"]
[EventCountry "IND"]
[SourceTitle "playchess.com"]
[Source "ChessBase"]
[SourceQuality "1"]

{[%evp 16,17,8,7]} 1. e4 e5 2. Nf3 Nc6 3. Bb5 {[%cal Bf1b5,Bb5a4,Ba4b3][%mdl 32]} a6 4. Ba4 Nf6 5. O-O Be7 6. d3 b5 7. Bb3 d6 8. a3 O-O 9. Nc3 {LiveBook: 624 Games} {Predecessor:} Na5 $146 10. Ba2 Be6 11. b4 Bxa2 12. Rxa2 Nc6 13. Bg5 Ng4 14. Bd2 Nf6 15. Re1 Qd7 16. Nd5 Nxd5 17. exd5 {½-½ (30) Naiditsch,A (2721)-Wojtaszek,R (2727) Douglas 2018} *